Normal view MARC view

Entry Meeting Name

Number of records used in: 1

001 - CONTROL NUMBER

  • control field: 7767

003 - CONTROL NUMBER IDENTIFIER

  • control field: OSt

005 - DATE AND TIME OF LATEST TRANSACTION

  • control field: 20211105132936.0

008 - FIXED-LENGTH DATA ELEMENTS

  • fixed length control field: 211105|| aca||aabn | a|a d

040 ## - CATALOGING SOURCE

  • Original cataloging agency: OSt
  • Transcribing agency: OSt

111 ## - HEADING--MEETING NAME

  • Meeting name or jurisdiction name as entry element: Symposium on Molecules in the Galactic Environment
  • Location of meeting: University of Virginia
  • Date of meeting or treaty signing: 1971 Nov. 4-7

670 ## - SOURCE DATA FOUND

  • Source citation: Work cat.: (OSt): Symposium on Molecules in the Galactic Environment University of Virginia 1971 Nov. 4-7, Molecules in the galactic environment, 1973

Powered by Koha